<?xml version="1.0" encoding="UTF-8"?>
<record
    xmlns:xsi="http://www.w3.org/2001/XMLSchema-instance"
    xsi:schemaLocation="http://www.loc.gov/MARC21/slim http://www.loc.gov/standards/marcxml/schema/MARC21slim.xsd"
    xmlns="http://www.loc.gov/MARC21/slim">

  <leader>01385nam a2200289Ia 4500</leader>
  <datafield tag="999" ind1=" " ind2=" ">
    <subfield code="c">56383</subfield>
    <subfield code="d">56383</subfield>
  </datafield>
  <controlfield tag="001">23496</controlfield>
  <controlfield tag="003">GE_BSU</controlfield>
  <controlfield tag="005">20241015095447.0</controlfield>
  <controlfield tag="008">181216s2007||||ge |||||||||||||| ||geo||</controlfield>
  <datafield tag="020" ind1=" " ind2=" ">
    <subfield code="a">9789992806869</subfield>
  </datafield>
  <datafield tag="040" ind1=" " ind2=" ">
    <subfield code="c">GE_BSU</subfield>
  </datafield>
  <datafield tag="041" ind1=" " ind2=" ">
    <subfield code="a">geo</subfield>
  </datafield>
  <datafield tag="080" ind1=" " ind2=" ">
    <subfield code="a">94(479.22)(093):930.2:003.074(=353.1) &#x10D9;-45</subfield>
  </datafield>
  <datafield tag="100" ind1=" " ind2=" ">
    <subfield code="a">&#x10D9;&#x10D5;&#x10D4;&#x10E0;&#x10D4;&#x10DC;&#x10E9;&#x10EE;&#x10D8;&#x10DA;&#x10D0;&#x10EB;&#x10D4;, &#x10E0;&#x10D4;&#x10D5;&#x10D0;&#x10D6;</subfield>
    <subfield code="9">11513</subfield>
  </datafield>
  <datafield tag="245" ind1=" " ind2=" ">
    <subfield code="a">&#x10E1;&#x10D0;&#x10D1;&#x10E3;&#x10D7;&#x10D4;&#x10D1;&#x10D8; &#x10E6;&#x10D0;&#x10E6;&#x10D0;&#x10D3;&#x10D4;&#x10D1;&#x10D4;&#x10DC;...</subfield>
    <subfield code="c">&#x10E0;&#x10D4;&#x10D5;&#x10D0;&#x10D6; &#x10D9;&#x10D5;&#x10D4;&#x10E0;&#x10D4;&#x10DC;&#x10E9;&#x10EE;&#x10D8;&#x10DA;&#x10D0;&#x10EB;&#x10D4;; [&#x10E0;&#x10D4;&#x10D3;. &#x10D2;&#x10D8;&#x10DD;&#x10E0;&#x10D2;&#x10D8; &#x10EA;&#x10D8;&#x10EA;&#x10D8;&#x10E8;&#x10D5;&#x10D8;&#x10DA;&#x10D8;; &#x10DB;&#x10EE;&#x10D0;&#x10E2;&#x10D5;. &#x10DB;&#x10D0;&#x10DA;&#x10EE;&#x10D0;&#x10D6; &#x10D7;&#x10D0;&#x10D5;&#x10D0;&#x10EB;&#x10D4;].</subfield>
  </datafield>
  <datafield tag="264" ind1=" " ind2=" ">
    <subfield code="a">&#x10D7;&#x10D1;&#x10D8;&#x10DA;&#x10D8;&#x10E1;&#x10D8;,</subfield>
    <subfield code="c">2007.</subfield>
  </datafield>
  <datafield tag="300" ind1=" " ind2=" ">
    <subfield code="a">404 &#x10D2;&#x10D5;. : </subfield>
    <subfield code="b">&#x10E4;&#x10DD;&#x10E2;. ; </subfield>
    <subfield code="c">20 &#x10E1;&#x10DB;.</subfield>
  </datafield>
  <datafield tag="504" ind1=" " ind2=" ">
    <subfield code="a">&#x10D1;&#x10D8;&#x10D1;&#x10DA;&#x10D8;&#x10DD;&#x10D2;&#x10E0;.: &#x10D2;&#x10D5;. 393-402.</subfield>
  </datafield>
  <datafield tag="541" ind1=" " ind2=" ">
    <subfield code="h">15&#x10DA;.</subfield>
  </datafield>
  <datafield tag="653" ind1=" " ind2=" ">
    <subfield code="a">&#x10D8;&#x10E1;&#x10E2;&#x10DD;&#x10E0;&#x10D8;&#x10D0;</subfield>
  </datafield>
  <datafield tag="653" ind1=" " ind2=" ">
    <subfield code="a">&#x10E5;&#x10D0;&#x10E0;&#x10D7;&#x10E3;&#x10DA;&#x10D8; &#x10D8;&#x10E1;&#x10E2;&#x10DD;&#x10E0;&#x10D8;&#x10E3;&#x10DA;&#x10D8; &#x10EC;&#x10E7;&#x10D0;&#x10E0;&#x10DD;&#x10D4;&#x10D1;&#x10D8;</subfield>
  </datafield>
  <datafield tag="653" ind1=" " ind2=" ">
    <subfield code="a">&#x10E5;&#x10D0;&#x10E0;&#x10D7;&#x10E3;&#x10DA;&#x10D8; &#x10E1;&#x10D0;&#x10D0;&#x10E0;&#x10E5;&#x10D8;&#x10D5;&#x10DD; &#x10D3;&#x10DD;&#x10D9;&#x10E3;&#x10DB;&#x10D4;&#x10DC;&#x10E2;&#x10D4;&#x10D1;&#x10D8;</subfield>
  </datafield>
  <datafield tag="700" ind1=" " ind2=" ">
    <subfield code="a">&#x10EA;&#x10D8;&#x10EA;&#x10D8;&#x10E8;&#x10D5;&#x10D8;&#x10DA;&#x10D8;, &#x10D2;&#x10D8;&#x10DD;&#x10E0;&#x10D2;&#x10D8; </subfield>
    <subfield code="e">&#x10E0;&#x10D4;&#x10D3;&#x10D0;&#x10E5;&#x10E2;&#x10DD;&#x10E0;&#x10D8;</subfield>
    <subfield code="9">6830</subfield>
  </datafield>
  <datafield tag="700" ind1=" " ind2=" ">
    <subfield code="a">&#x10D7;&#x10D0;&#x10D5;&#x10D0;&#x10EB;&#x10D4;, &#x10DB;&#x10D0;&#x10DA;&#x10EE;&#x10D0;&#x10D6;</subfield>
    <subfield code="e">&#x10DB;&#x10EE;&#x10D0;&#x10E2;&#x10D5;&#x10D0;&#x10E0;&#x10D8;</subfield>
    <subfield code="9">23392</subfield>
  </datafield>
  <datafield tag="856" ind1=" " ind2=" ">
    <subfield code="u">https://dspace.nplg.gov.ge/bitstream/1234/400154/1/Sabutebi_Ghaghadeben_2007.pdf</subfield>
    <subfield code="y">&#x10D4;&#x10DA;. &#x10D5;&#x10D4;&#x10E0;&#x10E1;&#x10D8;&#x10D0;</subfield>
  </datafield>
  <datafield tag="942" ind1=" " ind2=" ">
    <subfield code="c">BK</subfield>
    <subfield code="2">udc</subfield>
  </datafield>
  <datafield tag="952" ind1=" " ind2=" ">
    <subfield code="0">0</subfield>
    <subfield code="1">0</subfield>
    <subfield code="2">udc</subfield>
    <subfield code="4">0</subfield>
    <subfield code="6">944792209393020030743531_&#x10D9;45</subfield>
    <subfield code="7">0</subfield>
    <subfield code="9">82108</subfield>
    <subfield code="a">CPL</subfield>
    <subfield code="b">CPL</subfield>
    <subfield code="c">GEN</subfield>
    <subfield code="d">2018-12-17</subfield>
    <subfield code="g">15.00</subfield>
    <subfield code="o">94(479.22)(093):930.2:003.074(=353.1) &#x10D9;-45</subfield>
    <subfield code="p">28402</subfield>
    <subfield code="r">2018-12-17</subfield>
    <subfield code="t">28402</subfield>
    <subfield code="w">2018-12-17</subfield>
    <subfield code="y">BK</subfield>
    <subfield code="z">15 &#x10DA;.</subfield>
  </datafield>
</record>
